| 000 | 02019cam a2200349 a 4500 | ||
|---|---|---|---|
| 001 | 15203380 | ||
| 005 | 20080908100543.0 | ||
| 008 | 080303s2008 nyua bf 001 0 eng | ||
| 010 | _a2008009800 | ||
| 020 | _a9780815515333 | ||
| 020 | _a0815515332 | ||
| 035 | _a(OCoLC)ocn213133355 | ||
| 035 | _a(OCoLC)213133355 | ||
| 040 |
_aDLC _cDLC _dYDXCP _dBTCTA _dBAKER _dC#P _dDLC |
||
| 050 | 0 | 0 |
_aTP968 _b.A294 2008 |
| 082 | 0 | 0 |
_a620.199 _222 _bADH |
| 245 | 0 | 0 |
_aAdhesives Technology Handbook / _cedited by Sina Ebnesajjad. |
| 250 | _a2nd ed. | ||
| 260 |
_aNorwich, NY : _bWilliam Andrew Pub., _cc2008. |
||
| 300 |
_axxi, 363 p. : _bill. ; _c24 cm. |
||
| 504 | _aIncludes bibliographical references and index. | ||
| 505 | 0 | _aIntroduction and adhesion theories -- Surfaces tension and its measurement -- Material surface preparation techniques -- Classification of adhesives and compounds -- Characteristics of adhesive materials -- Adhesives for special adherends -- Joint design -- Adhesive applications and bonding processes -- Solvent cementing of plastics -- Durability of adhesive bonds -- Testing of adhesive bonds -- Quality control -- Safety, environmental, and economic aspects and future trends. | |
| 650 | 0 |
_aAdhesives _vHandbooks, manuals, etc. _93687 |
|
| 650 | 0 |
_aSurfaces (Technology) _vHandbooks, manuals, etc. _93688 |
|
| 700 | 1 |
_aEbnesajjad, Sina. _93689 |
|
| 856 | 4 | 2 |
_3Contributor biographical information _uhttp://www.loc.gov/catdir/enhancements/fy0838/2008009800-b.html |
| 856 | 4 | 2 |
_3Publisher description _uhttp://www.loc.gov/catdir/enhancements/fy0838/2008009800-d.html |
| 856 | 4 | 1 |
_3Table of contents only _uhttp://www.loc.gov/catdir/enhancements/fy0838/2008009800-t.html |
| 942 |
_2ddc _cREFERENCE |
||
| 999 |
_c11300 _d11300 |
||